Dynamo Dresden Trainer seit 2000 - Statistiken

Allgemein
  • Dieses Quiz wurde 33 mal gespielt
  • Das Durchschnittsergebnis liegt bei 10 aus 28
Antwortstatistiken
Hint Antwort % Korrekt
2022-2024 Markus Anfang
100%
2024- Thomas Stamm
82%
2018-2018 Christian Fiel
71%
2019-2019 Christian Fiel
71%
2015-2018 Uwe Neuhaus
64%
2019-2019 Heiko Scholz
54%
2024-2024 Heiko Scholz
54%
2018-2019 Maik Walpurgis
46%
2019-2021 Markus Kauczinski
46%
2005-2006 Peter Pacult
46%
2012-2013 Peter Pacult
46%
2011-2012 Ralf Loose
39%
2001-2005 Christoph Franke
32%
2007-2008 Eduard Geyer
32%
2009-2011 Matthias Maucksch
32%
2014-2015 Stefan Böger
32%
2022-2022 Guerino Capretti
29%
2006-2007 Norbert Meier
25%
2015-2015 Peter Nemeth
25%
2013-2014 Olaf Janßen
21%
2008-2009 Ruud Kaiser
21%
1999-2000 Colin Bell
11%
2000-2001 Meinhard Hemp
11%
2012-2012 Steffen Menze
11%
2013-2013 Steffen Menze
11%
2006-2006 Tom Stohn
7%
2005-2005 Sven Köhler
4%
2021-2022 A,exander Schmidt
0%
Keine übereinstimmenden Quizze gefunden
Verteilung der Resultate
Anzahl Personen mit jedem Resultat
Perzentil nach korrekt beantworteten Fragen
Ihre Resultats-Entwicklung
Sie haben dieses Quiz noch nicht gespielt